General survey of England and Wales (Record no. 114672)

MARC details
000 -LEADER
fixed length control field 00629cam a22001935a 4500
001 - CONTROL NUMBER
control field L157245
008 - FIXED-LENGTH DATA ELEMENTS--GENERAL INFORMATION
fixed length control field 121004q1870 xxk f 000 0 eng d
035 ## - SYSTEM CONTROL NUMBER
System control number (Sirsi) u157245
041 0# - LANGUAGE CODE
Language code of text/sound track or separate title eng
110 2# - MAIN ENTRY--CORPORATE NAME
Corporate name or jurisdiction name as entry element Ordnance Survey
9 (RLIN) 1860
245 00 - TITLE STATEMENT
Title General survey of England and Wales
260 ## - PUBLICATION, DISTRIBUTION, ETC.
Place of publication, distribution, etc. London
Name of publisher, distributor, etc. W. Mudge
Date of publication, distribution, etc. [1870?]
300 ## - PHYSICAL DESCRIPTION
Extent 2 v.
Other physical details maps
Dimensions 68 cm.
520 ## - SUMMARY, ETC.
Summary, etc. Reprints of numbered series of maps, nos. 1-55 (vol. 1) and nos. 56-110 (vol. 2). Originals dated 1809-1869.
583 ## - ACTION NOTE
Action Condition reviewed
Time/date of action 20120620
Status condition level 4
651 #4 - SUBJECT ADDED ENTRY--GEOGRAPHIC NAME
Geographic name England and Wales
Chronological subdivision 1543-
690 ## - LOCAL SUBJECT ADDED ENTRY--TOPICAL TERM (OCLC, RLIN)
Topical term or geographic name as entry element Geomatics
9 (RLIN) 6242
942 ## - ADDED ENTRY ELEMENTS (KOHA)
Suppress in OPAC 0
Holdings
Withdrawn status Lost status Source of classification or shelving scheme Damaged status Not for loan Home library Current library Shelving location Date acquired Total Checkouts Full call number Barcode Date last seen Copy number Price effective from Koha item type
    Dewey Decimal Classification     Historic collection Historic collection Historic collection 04/10/2012   FOLIO 1870 ORDNANCE 30077747 06/08/2019 1 06/08/2019 Book